000 00271nam a2200097Ia 4500
008 220204s9999 xx 000 0 und d
082 _a354
_bALL
245 0 _aAll India civil list corrected as on 1st Jan 1965
260 _aBombay
_bAssociated Advertisers
_c1965
942 _cBK
999 _c20707
_d20707